Statystyki dla Top 10 najmniejszych państw Afryki według powierzchni

Kliknij tutaj aby rozwiązać quiz!

Ogólne statystyki

  • Ten quiz został rozwiązany 164 razy
  • Średni wynik to 8 z 10

Statystyki odpowiedzi

km2Państwo% Poprawnych
93 000Seszele
87%
26 338Rwanda
80%
17 363Eswatini
78%
2170Komory
78%
2045Mauritius
77%
1001Wyspy Świętego
Tomasza i Książęca
76%
23 200Dżibuti
74%
27 830Burundi
73%
28 051Gwinea Równikowa
72%
11 295Gambia
70%

Rozkład punktacji

Percentyl według liczby udzielonych odpowiedzi

Procent ludzi z każdym wynikiem

Twoja historia wyników

Nie rozwiązałeś tego quizu